Southville International School and Colleges
Your cart is empty.
  • Cart
  • Lists
    Public lists Eva Luna New books Lux_list list_1
    Your lists Log in to create your own lists
  • Log in to your account
  • Your cookies
  • Search history
Southville International School and Colleges
  • Advanced search
  • Recent comments
  • Most popular
  • Libraries

Log in to your account

Log in with GOOGLE


If you do not have an external account, but do have a local account, you can still log in:

  1. Home
  2. MARC view: Embedded software system testing :
Normal view MARC view ISBD view

Embedded software system testing : (Record no. 366437)

[ view plain ]
MARC details
000 -LEADER
fixed length control field 00703nam a22002057a 4500
003 - CONTROL NUMBER IDENTIFIER
control field 0
005 - DATE AND TIME OF LATEST TRANSACTION
control field 20241127153518.0
008 - FIXED-LENGTH DATA ELEMENTS--GENERAL INFORMATION
fixed length control field 241002b xxu||||| |||| 00| 0 eng d
020 ## - INTERNATIONAL STANDARD BOOK NUMBER
International Standard Book Number 978-1-032-48818-9
050 ## - LIBRARY OF CONGRESS CALL NUMBER
Classification number TK 7895
Item number .Y56 2024
100 ## - MAIN ENTRY--PERSONAL NAME
Personal name Yin, Yongfeng
245 ## - TITLE STATEMENT
Title Embedded software system testing :
Remainder of title automatic testing solution based on formal method /
Statement of responsibility, etc Yongfeng Yin and Bo Jiang
250 ## - EDITION STATEMENT
Edition statement First edition
260 ## - PUBLICATION, DISTRIBUTION, ETC. (IMPRINT)
Place of publication, distribution, etc Boca Raton, Florida
Name of publisher, distributor, etc CRC Press
Date of publication, distribution, etc 2024
300 ## - PHYSICAL DESCRIPTION
Extent xxiii, 305 pages :
Other physical details illustrations ;
Dimensions 24cm.
504 ## - BIBLIOGRAPHY, ETC. NOTE
Bibliography, etc Includes bibliographical references.
650 ## - SUBJECT ADDED ENTRY--TOPICAL TERM
Topical term or geographic name as entry element Embedded computer systems--testing.
650 ## - SUBJECT ADDED ENTRY--TOPICAL TERM
Topical term or geographic name as entry element Computer software--testing.
942 ## - ADDED ENTRY ELEMENTS (KOHA)
Source of classification or shelving scheme Library of Congress Classification
Koha item type Books
Holdings
Withdrawn status Lost status Source of classification or shelving scheme Damaged status Home library Current library Shelving location Date acquired Source of acquisition Sub Shelving location Total Checkouts Full call number Barcode Date last seen Price effective from Koha item type
    Library of Congress Classification   College Library College Library Reserve Section 10/02/2024 Library Fund     TK 7895 .Y56 2024 C23738 10/02/2024 10/02/2024 Books
    Library of Congress Classification   College Library College Library Reserve Section 01/24/2025 Library Fund     TK 7895 .Y56 2024 C24199 01/24/2025 01/24/2025 Books

Embedded software system testing :

APA

Yin Y., . (2024). Embedded software system testing. Boca Raton, Florida: CRC Press.

Chicago

Yin Yongfeng, . 2024. Embedded software system testing. Boca Raton, Florida: CRC Press.

Harvard

Yin Y., . (2024). Embedded software system testing. Boca Raton, Florida: CRC Press.

MLA

Yin Yongfeng, . Embedded software system testing. Boca Raton, Florida: CRC Press. 2024.

  • Place hold
  • Print
  • Cite
  • Add to your cart (remove)
  • Save record
    BIBTEX Dublin Core MARCXML MARC (non-Unicode/MARC-8) MARC (Unicode/UTF-8) MARC (Unicode/UTF-8, Standard) MODS (XML) RIS
  • More searches
    Search for this title in:
    Other Libraries (WorldCat) Other Databases (Google Scholar) Online Stores (Bookfinder.com) Open Library (openlibrary.org)

Exporting to Dublin Core...

SOUTHVILLE LIBRARY

Southville International School and Colleges Library

1281 Tropical Ave. Cor. Luxembourg St., BF Homes International, Las Pinas City

Tel. No. 8256374 / 252358 Loc. 117/146

Powered by Koha